Luchas sociales en la antigua Roma
Na minha lista:
| Autor principal: | |
|---|---|
| Formato: | Livro |
| Idioma: | espanhol |
| Publicado em: |
Buenos Aires
Claridad
1946
|
| Edição: | 2a. ed |
| Colecção: | Biblioteca de Cultura Socialista, 9
|
| Assuntos: | |
| Tags: |
Adicionar Tag
Sem tags, seja o primeiro a adicionar uma tag!
|
MARC
| LEADER | 00000nam a2200000 a 4500 | ||
|---|---|---|---|
| 001 | UCR3816 | ||
| 003 | CL-VaPUC | ||
| 008 | 980130e19460000AG |||||||||||||||||spa|d | ||
| 082 | 0 | 4 | |a 305.5 |b BLO |2 21 |
| 100 | 0 | |a Bloch, León |e author |9 403121 | |
| 245 | 1 | 0 | |a Luchas sociales en la antigua Roma |
| 250 | |a 2a. ed | ||
| 300 | |a 207 p | ||
| 942 | |c BK | ||
| 945 | |d 19980130 00:00:00 |a aolguin | ||
| 260 | |a Buenos Aires |b Claridad |c 1946 | ||
| 650 | 0 | |a Clases sociales |9 256858 | |
| 650 | 0 | |a Desarrollo social |9 264534 | |
| 650 | 0 | |a Aristocracia |9 356916 | |
| 650 | 0 | |a Proletariado |9 269152 | |
| 650 | 0 | |a REFORMA AGRARIA |9 256789 | |
| 650 | 0 | |a Monarquía |9 255259 | |
| 650 | 0 | |a Conflictos sociales |9 372024 | |
| 650 | 0 | |a Lucha de clases |9 403122 | |
| 651 | 7 | |a IMPERIO ROMANO |2 CL-VaPUC |9 403123 | |
| 583 | |a last modification |c 19980130 00:00:00 |k Rodrigo Vera | ||
| 490 | 0 | |a Biblioteca de Cultura Socialista, 9 | |
| 999 | |c 266837 |d 266835 | ||
| 952 | |0 0 |1 0 |4 0 |6 305_500000000000000_BLO_1946 |7 0 |8 P |9 298848 |a BIBDER |b BIBDER |d 2019-11-20 |i 194424K |o 305.5 BLO 1946 |p 194424K |r 2023-01-25 |w 2019-11-20 |y BK |k DER | ||